[Event "7MCR_4D_1L_1S"]
[Site "?"]
[Date "2006.??.??"]
[Round "?"]
[White "Lounek, Jan"]
[Black "Leiner, Raimund"]
[Result "0-1"]
[WhiteElo "2422"]
[BlackElo "2317"]
[PlyCount "90"]
[EventDate "2006.??.??"]
[EventType "corr"]

1. e4 c5 2. Nf3 d6 3. d4 cxd4 4. Nxd4 Nf6 5. Nc3 a6 6. Be3 e5 7. Nf3 Be7 8. Bc4
O-O 9. O-O Be6 10. Qe2 b5 11. Bb3 Bxb3 12. axb3 Nbd7 13. Rfd1 Qc7 14. b4 Rfc8
15. Ne1 h6 16. f3 d5 17. Nxd5 Nxd5 18. Rxd5 Bxb4 19. c3 Bc5 20. Bxc5 Nxc5 21.
Nd3 Ne6 22. Qe3 f6 23. g3 Rd8 24. Rd1 Qb7 25. Nf2 b4 26. f4 bxc3 27. bxc3 a5
28. f5 Rxd5 29. exd5 Ng5 30. c4 a4 31. c5 a3 32. c6 Qb2 33. h4 Nf7 34. Qc1 Qxc1
35. Rxc1 Nd6 36. Nd1 Kf7 37. Nc3 h5 38. c7 Ke7 39. Nb5 a2 40. Nxd6 Kxd6 41. Kf2
Kxd5 42. Ra1 Ke4 43. g4 Kf4 44. gxh5 Rc8 45. Rxa2 Rxc7 0-1

[Event "7MCR_4D_1L_1S"]
[Site "?"]
[Date "2006.??.??"]
[Round "?"]
[White "Lounek, Jan"]
[Black "Mateka, Petr"]
[Result "1/2-1/2"]
[WhiteElo "2422"]
[BlackElo "2202"]
[PlyCount "199"]
[EventDate "2006.??.??"]
[EventType "corr"]

1. e4 e5 2. Nf3 Nc6 3. Bb5 a6 4. Ba4 Nf6 5. O-O Be7 6. Re1 b5 7. Bb3 O-O 8. h3
Bb7 9. d3 d6 10. a3 Qd7 11. Nc3 Nd8 12. d4 exd4 13. Nxd4 Re8 14. Nf5 Ne6 15.
Be3 Bf8 16. Qf3 Nc5 17. Nd5 Bxd5 18. exd5 Re5 19. Nh6+ gxh6 20. Qxf6 Bg7 21.
Qf3 Rf5 22. Qg3 Kh8 23. Bxc5 dxc5 24. c3 Rg8 25. Bc2 Rxd5 26. Qf3 c4 27. a4 Rf8
28. axb5 axb5 29. Red1 Rxd1+ 30. Rxd1 Qe6 31. g3 f5 32. Rd5 f4 33. g4 Qe8 34.
Rc5 Qe1+ 35. Kg2 c6 36. Rxc6 Qe5 37. Qe4 f3+ 38. Kf1 Qxe4 39. Bxe4 Rb8 40. Bxf3
Be5 41. Rxh6 Bf4 42. Re6 Bc1 43. Re2 Rb6 44. Kg2 Rd6 45. Re8+ Kg7 46. Rb8 Bxb2
47. Rxb5 Bxc3 48. Bd5 h6 49. Bxc4 Rd4 50. Rc5 Bb4 51. Rc6 Be7 52. Kg3 Bg5 53.
Be6 Rd3+ 54. Kg2 Rd2 55. Bf5 Rd4 56. Kg3 Bf4+ 57. Kf3 Bg5 58. Rg6+ Kf7 59. h4
Bxh4 60. Rxh6 Bg5 61. Rb6 Bh4 62. Ke3 Ra4 63. Be6+ Kf8 64. f3 Bg5+ 65. Kd3 Kg7
66. Bc4 Bc1 67. Bd5 Bf4 68. Rb5 Ra6 69. Ke4 Bd2 70. Ke5 Bc3+ 71. Kf5 Rf6+ 72.
Kg5 Bd2+ 73. Kh4 Rh6+ 74. Kg3 Rf6 75. Be4 Bf4+ 76. Kg2 Re6 77. g5 Re5 78. Rb7+
Kf8 79. g6 Re7 80. Rb5 Kg7 81. Kh3 Be3 82. Kg4 Kf6 83. Bb1 Ba7 84. f4 Rc7 85.
Ra5 Kg7 86. f5 Bd4 87. Kf4 Re7 88. Be4 Bc3 89. Rd5 Bf6 90. Rc5 Ra7 91. Bd5 Rd7
92. Be6 Ra7 93. Rc8 Kh6 94. Bf7 Re7 95. Rc6 Kg7 96. Be6 Ra7 97. Kg4 Ra4+ 98.
Bc4 Ra7 99. Kh5 Re7 100. Rc8 1/2-1/2

[Event "7MCR_4D_1L_1S"]
[Site "?"]
[Date "2006.??.??"]
[Round "?"]
[White "Lounek, Jan"]
[Black "Nedoma, Petr"]
[Result "1/2-1/2"]
[WhiteElo "2422"]
[BlackElo "2298"]
[PlyCount "52"]
[EventDate "2006.??.??"]
[EventType "corr"]

1. e4 e5 2. Nf3 d6 3. d4 exd4 4. Nxd4 a6 5. Nc3 Be7 6. Bc4 Nf6 7. O-O O-O 8. a4
Nxe4 9. Nxe4 d5 10. Bd3 dxe4 11. Bxe4 Nd7 12. Nf5 Bf6 13. Qf3 Nc5 14. Rd1 Qe8
15. Bd5 Qe5 16. Be3 Qxf5 17. Bxc5 Qxf3 18. Bxf3 Re8 19. Bd4 Be7 20. Re1 c6 21.
Re2 Be6 22. Rae1 Rad8 23. Bb6 Rd7 24. h3 Bd8 25. Bc5 h5 26. Bb4 g6 1/2-1/2

[Event "7MCR_4D_1L_1S"]
[Site "?"]
[Date "2006.??.??"]
[Round "?"]
[White "Lounek, Jan"]
[Black "Nejtek, Jiri"]
[Result "1/2-1/2"]
[WhiteElo "2422"]
[BlackElo "2360"]
[PlyCount "77"]
[EventDate "2006.??.??"]
[EventType "corr"]

1. e4 c5 2. Nf3 d6 3. d4 cxd4 4. Nxd4 Nf6 5. Nc3 a6 6. f3 e6 7. Be3 b5 8. g4 h6
9. Qd2 b4 10. Nce2 e5 11. Nb3 Nc6 12. Ng3 Qc7 13. Bd3 Be6 14. O-O d5 15. exd5
Nxd5 16. Kh1 Nxe3 17. Qxe3 Be7 18. Rae1 O-O 19. Qe4 g6 20. Nf5 Rfe8 21. Nxe7+
Rxe7 22. Nc5 Rd8 23. Nxe6 Rxe6 24. Bxa6 Nd4 25. Bd3 Kg7 26. Rc1 Rf6 27. Rce1
Re6 28. Rf2 Nc6 29. Qe3 Ne7 30. Be4 Nd5 31. Bxd5 Rxd5 32. Qb3 Rd4 33. Kg2 Ra6
34. Re4 Qd6 35. h3 Rxe4 36. fxe4 Ra7 37. Qd5 Qxd5 38. exd5 Rxa2 39. c4 1/2-1/2

[Event "7MCR_4D_1L_1S"]
[Site "?"]
[Date "2006.??.??"]
[Round "?"]
[White "Lounek, Jan"]
[Black "Pecka, Josef"]
[Result "1-0"]
[WhiteElo "2422"]
[BlackElo "2261"]
[PlyCount "107"]
[EventDate "2006.??.??"]
[EventType "corr"]

1. e4 e6 2. d4 d5 3. Nd2 Nf6 4. e5 Nfd7 5. c3 c5 6. Bd3 Nc6 7. Ne2 cxd4 8. cxd4
f6 9. exf6 Nxf6 10. Nf3 Bd6 11. O-O Qc7 12. Bg5 O-O 13. Rc1 Bd7 14. Ng3 h6 15.
Bd2 Qb6 16. Bc3 Bf4 17. Rc2 Nb4 18. Bxb4 Qxb4 19. Ne5 Be8 20. Re1 Qb6 21. b3
Rd8 22. Ng6 Bxg6 23. Bxg6 Kh8 24. Nh5 Bb8 25. Re3 a6 26. h3 Nd7 27. Qg4 e5 28.
Bf5 g6 29. Qxg6 Qxg6 30. Bxg6 Ba7 31. Rc7 e4 32. Rxb7 Bxd4 33. Re2 Ne5 34. Rh7+
Kg8 35. Rxh6 Rd7 36. Bxe4 dxe4 37. Nf6+ Rxf6 38. Rxf6 Nf3+ 39. gxf3 Bxf6 40.
fxe4 Kf7 41. Kg2 Be5 42. Rc2 Rc7 43. Rxc7+ Bxc7 44. b4 Kf6 45. a4 Ke5 46. f3
Kf4 47. Kf2 Bd6 48. b5 a5 49. Ke2 Bc5 50. h4 Bd4 51. Kd3 Bf2 52. h5 Kg5 53. Kc4
Bg3 54. Kd5 1-0

[Event "7MCR_4D_1L_1S"]
[Site "?"]
[Date "2006.??.??"]
[Round "?"]
[White "Lounek, Jan"]
[Black "Zimniok, Lubomir"]
[Result "1-0"]
[WhiteElo "2422"]
[BlackElo "2200"]
[PlyCount "97"]
[EventDate "2006.??.??"]
[EventType "corr"]

1. e4 c5 2. Nf3 Nf6 3. Nc3 Nc6 4. Bb5 Qc7 5. O-O Nd4 6. Re1 a6 7. Bf1 d6 8. Nd5
Nxd5 9. exd5 Bg4 10. Be2 Nxe2+ 11. Qxe2 g6 12. d4 cxd4 13. Bg5 Rc8 14. Qe4 Bxf3
15. Qxd4 Rg8 16. Rxe7+ Bxe7 17. Re1 Bxd5 18. Qxd5 Rb8 19. Qd4 Kf8 20. Bxe7+
Qxe7 21. Rxe7 Kxe7 22. Qh4+ Ke6 23. Qxh7 Rh8 24. Qg7 Rbc8 25. Qd4 Rh5 26. f4
Kd7 27. c3 Rb5 28. b4 Rh5 29. c4 Re8 30. h3 Kc7 31. Kf2 a5 32. a3 axb4 33. axb4
Rh7 34. c5 Re6 35. f5 gxf5 36. cxd6+ Rxd6 37. Qc5+ Rc6 38. Qe5+ Rd6 39. Qe7+
Rd7 40. Qc5+ Kb8 41. b5 f6 42. b6 Rhe7 43. Qxf5 Rd2+ 44. Kg1 Rde2 45. Qa5 Rb2
46. Qc5 Rbe2 47. Qa3 R2e3 48. Qa7+ Kc8 49. Kh2 1-0

[Event "7MCR_4D_1L_1S"]
[Site "?"]
[Date "2006.??.??"]
[Round "?"]
[White "Mateka, Petr"]
[Black "Hostinsky, Jiri"]
[Result "1/2-1/2"]
[WhiteElo "2202"]
[BlackElo "2403"]
[PlyCount "60"]
[EventDate "2006.??.??"]
[EventType "corr"]

1. e4 c5 2. Nf3 Nc6 3. d4 cxd4 4. Nxd4 Nf6 5. Nc3 d6 6. Bg5 e6 7. Qd2 Be7 8.
O-O-O O-O 9. f4 Nxd4 10. Qxd4 Qa5 11. e5 dxe5 12. Qxe5 Qxe5 13. fxe5 Nd5 14.
Bxe7 Nxe7 15. Bd3 b6 16. Rd2 Bb7 17. Re1 Rfd8 18. Red1 Kf8 19. Nb5 Bc6 20. Nd6
Nc8 21. Nc4 a6 22. Rf1 Ra7 23. g4 h6 24. h4 Rd4 25. c3 Rd5 26. Re1 Bb5 27. Bf1
Rad7 28. Rxd5 Rxd5 29. Re4 Ne7 30. a4 Bxa4 1/2-1/2

[Event "7MCR_4D_1L_1S"]
[Site "?"]
[Date "2006.??.??"]
[Round "?"]
[White "Mateka, Petr"]
[Black "Leiner, Raimund"]
[Result "1/2-1/2"]
[WhiteElo "2202"]
[BlackElo "2317"]
[PlyCount "48"]
[EventDate "2006.??.??"]
[EventType "corr"]

1. e4 c5 2. Nf3 d6 3. d4 cxd4 4. Nxd4 Nf6 5. Nc3 a6 6. Be3 e5 7. Nb3 Be6 8. Be2
Be7 9. O-O Nbd7 10. f4 Qc7 11. f5 Bc4 12. a4 O-O 13. Bxc4 Qxc4 14. Qf3 b5 15.
Na5 Qc7 16. axb5 axb5 17. Nxb5 Qxc2 18. Rfc1 Qd3 19. Nc7 Rac8 20. Nc6 Bd8 21.
Ra3 Qxe4 22. Qxe4 Nxe4 23. Nd5 Kh8 24. Rc4 Nef6 1/2-1/2

[Event "7MCR_4D_1L_1S"]
[Site "?"]
[Date "2006.??.??"]
[Round "?"]
[White "Mateka, Petr"]
[Black "Necesany, Zdenek"]
[Result "1/2-1/2"]
[WhiteElo "2202"]
[BlackElo "2190"]
[PlyCount "76"]
[EventDate "2006.??.??"]
[EventType "corr"]

1. e4 e5 2. Nf3 Nc6 3. Bb5 Nf6 4. O-O Nxe4 5. Re1 Nd6 6. Nxe5 Be7 7. Bf1 Nxe5
8. Rxe5 O-O 9. d4 Bf6 10. Re1 Nf5 11. c3 d5 12. Nd2 Be6 13. Nf3 Ne7 14. Bf4 Ng6
15. Bg3 c6 16. Qc2 Qd7 17. Bd3 Rfe8 18. Re3 Bg4 19. Ne5 Bxe5 20. Bxe5 Nxe5 21.
dxe5 g6 22. f4 c5 23. Qf2 d4 24. Rg3 Rad8 25. h3 Bf5 26. cxd4 cxd4 27. Re1 b5
28. b3 a6 29. Rd1 f6 30. exf6 Bxd3 31. Rgxd3 Re4 32. Re1 Rde8 33. Rxe4 Rxe4 34.
Rd1 d3 35. f5 Kf7 36. fxg6+ hxg6 37. Kh1 Re2 38. Qh4 Qf5 1/2-1/2

[Event "7MCR_4D_1L_1S"]
[Site "?"]
[Date "2006.??.??"]
[Round "?"]
[White "Mateka, Petr"]
[Black "Nedoma, Petr"]
[Result "1-0"]
[WhiteElo "2202"]
[BlackElo "2298"]
[PlyCount "147"]
[EventDate "2006.??.??"]
[EventType "corr"]

1. e4 c6 2. d4 d5 3. exd5 cxd5 4. c3 Qc7 5. Bd3 Nf6 6. Ne2 e6 7. Bf4 Bd6 8.
Bxd6 Qxd6 9. O-O Nc6 10. f4 Ne7 11. Ng3 h5 12. Nd2 Qb6 13. Qb3 Qxb3 14. axb3 a6
15. b4 h4 16. Nh1 Bd7 17. Nf2 Nc8 18. b5 Ke7 19. bxa6 bxa6 20. Bxa6 Nd6 21. Bd3
Rhb8 22. b3 Bc6 23. Rfe1 Rxa1 24. Rxa1 Rb7 25. g4 hxg3 26. hxg3 Bb5 27. c4 Bc6
28. Ra6 dxc4 29. bxc4 Rb2 30. Rxc6 Rxd2 31. Ra6 Nf5 32. d5 g6 33. Ra7+ Kf8 34.
dxe6 fxe6 35. c5 Ng4 36. c6 Rxf2 37. Bxf5 gxf5 38. c7 Rc2 39. Ra8+ Ke7 40. c8=Q
Rxc8 41. Rxc8 Kd7 42. Ra8 Ke7 43. Kg2 Kf6 44. Kf3 Nh2+ 45. Ke2 Ng4 46. Kd3 Ke7
47. Kd4 Nf6 48. Kc4 Ne4 49. Kd4 Nf6 50. Rh8 Kd6 51. Rh6 Ng4 52. Rh7 Nf6 53. Rg7
Ng4 54. Kd3 Nf2+ 55. Ke3 Nd1+ 56. Kf3 Nc3 57. g4 fxg4+ 58. Kxg4 Nd5 59. Kg5 Ne7
60. Rf7 Nd5 61. Ra7 Ne3 62. Ra6+ Ke7 63. Kg6 Nd5 64. Ra4 Nc3 65. Rc4 Nd5 66.
Re4 Kd6 67. Kf7 Kd7 68. Rd4 Kd6 69. Ra4 Nc7 70. Re4 Kd5 71. Re2 Kd6 72. Re1 Kd5
73. Rc1 Nb5 74. Kf6 1-0

[Event "7MCR_4D_1L_1S"]
[Site "?"]
[Date "2006.??.??"]
[Round "?"]
[White "Mateka, Petr"]
[Black "Nejtek, Jiri"]
[Result "1/2-1/2"]
[WhiteElo "2202"]
[BlackElo "2360"]
[PlyCount "45"]
[EventDate "2006.??.??"]
[EventType "corr"]

1. e4 c5 2. Nf3 d6 3. d4 cxd4 4. Nxd4 Nf6 5. Nc3 a6 6. Be3 e6 7. g4 h6 8. Bg2
e5 9. Nf5 g6 10. Qe2 gxf5 11. exf5 Rg8 12. h3 Qc7 13. O-O-O Bd7 14. f4 Bc6 15.
fxe5 dxe5 16. Bb6 Qxb6 17. Qxe5+ Be7 18. Rhe1 Qb4 19. Bxc6+ Kf8 20. Be4 Nbd7
21. Qf4 Rc8 22. Qxh6+ Rg7 23. Qh8+ 1/2-1/2

[Event "7MCR_4D_1L_1S"]
[Site "?"]
[Date "2006.??.??"]
[Round "?"]
[White "Mateka, Petr"]
[Black "Pecka, Josef"]
[Result "1/2-1/2"]
[WhiteElo "2202"]
[BlackElo "2261"]
[PlyCount "70"]
[EventDate "2006.??.??"]
[EventType "corr"]

1. e4 e5 2. Nf3 Nc6 3. Bb5 a6 4. Ba4 Nf6 5. O-O Be7 6. Re1 b5 7. Bb3 d6 8. c3
O-O 9. h3 Na5 10. Bc2 c5 11. d4 Qc7 12. Nbd2 cxd4 13. cxd4 Bb7 14. a4 b4 15.
Nf1 Rac8 16. Bd3 d5 17. exd5 e4 18. Bxe4 Nxe4 19. Rxe4 Bd6 20. Re1 Nc4 21. Qd3
Bxd5 22. Ng5 f5 23. Ne6 Bxe6 24. Rxe6 Qf7 25. Re1 f4 26. b3 Na3 27. Bxa3 bxa3
28. Nd2 Bb4 29. Re2 a5 30. Nc4 f3 31. Qxf3 Qxf3 32. gxf3 Rxf3 33. Re3 Rf4 34.
Ra2 Rc6 35. Rd3 g6 1/2-1/2

[Event "7MCR_4D_1L_1S"]
[Site "?"]
[Date "2006.??.??"]
[Round "?"]
[White "Mateka, Petr"]
[Black "Zimniok, Lubomir"]
[Result "1-0"]
[WhiteElo "2202"]
[BlackElo "2200"]
[PlyCount "89"]
[EventDate "2006.??.??"]
[EventType "corr"]

1. e4 c5 2. Nf3 d6 3. d4 cxd4 4. Nxd4 Nf6 5. Nc3 a6 6. Be3 e6 7. g4 h6 8. Bg2
Nc6 9. h3 Ne5 10. Qe2 Qc7 11. f4 Nc4 12. O-O-O Bd7 13. Kb1 Rc8 14. Bc1 b5 15.
Rhe1 Be7 16. e5 dxe5 17. fxe5 Nh7 18. Nd5 exd5 19. Bxd5 Nf8 20. Qe4 Nxe5 21.
Qxe5 Qxe5 22. Rxe5 Ng6 23. Rh5 Rc7 24. Bd2 Bf6 25. Ba5 Rc8 26. Bb7 Rc4 27. Nf5
Ra4 28. Nd6+ Kf8 29. Bc7 Be6 30. b3 Rd4 31. Rxd4 Bxd4 32. Bxa6 Be5 33. Nxb5 f6
34. a4 Ke7 35. a5 Bd7 36. Bb6 Nf4 37. Bc5+ Kd8 38. Rxe5 fxe5 39. b4 Nxh3 40.
Nd6 Ng5 41. b5 Bxg4 42. b6 Ne6 43. Bb4 Bh5 44. Bd3 Nd4 45. Be4 1-0

[Event "7MCR_4D_1L_1S"]
[Site "?"]
[Date "2006.??.??"]
[Round "?"]
[White "Mezera, Lukas"]
[Black "Hala, Martin"]
[Result "0-1"]
[WhiteElo "2284"]
[BlackElo "2368"]
[PlyCount "82"]
[EventDate "2006.??.??"]
[EventType "corr"]

1. e4 e5 2. Nf3 Nc6 3. d4 exd4 4. Nxd4 Nf6 5. Nxc6 bxc6 6. e5 Qe7 7. Qe2 Nd5 8.
c4 Ba6 9. b3 O-O-O 10. g3 g5 11. Bb2 Bg7 12. Nd2 Nb4 13. Nf3 Rhe8 14. Bh3 c5
15. Bg4 f6 16. Bh5 fxe5 17. Bxe8 Rxe8 18. O-O Bb7 19. a3 Nc2 20. Rad1 Nd4 21.
Bxd4 cxd4 22. Rfe1 c5 23. b4 e4 24. h3 e3 25. fxe3 Qf6 26. Nd2 dxe3 27. Nb3 Bf3
28. Qd3 Bxd1 29. Rxd1 Qf2+ 30. Kh1 Qf3+ 31. Kh2 Qf2+ 32. Kh1 Qf3+ 33. Kh2 Qxd1
34. Qxd1 e2 35. Qe1 Bc3 36. Qxc3 e1=Q 37. Qxe1 Rxe1 38. Nxc5 d6 39. Nb3 Re2+
40. Kh1 Ra2 41. Nd4 Rxa3 0-1

[Event "7MCR_4D_1L_1S"]
[Site "?"]
[Date "2006.??.??"]
[Round "?"]
[White "Mezera, Lukas"]
[Black "Hybl, Vladislav"]
[Result "1/2-1/2"]
[WhiteElo "2284"]
[BlackElo "2303"]
[PlyCount "57"]
[EventDate "2006.??.??"]
[EventType "corr"]

1. e4 e5 2. Nf3 Nc6 3. Bb5 a6 4. Ba4 Nf6 5. O-O Be7 6. Re1 b5 7. Bb3 O-O 8. c3
d6 9. h3 Bb7 10. d4 Re8 11. Nbd2 Bf8 12. a4 h6 13. Bc2 exd4 14. cxd4 Nb4 15.
Bb1 c5 16. d5 Nd7 17. Ra3 c4 18. axb5 axb5 19. Nd4 Qb6 20. Nf5 Ne5 21. Rg3 g6
22. Nf3 Ned3 23. Qd2 Nxe1 24. Nxe1 Ra1 25. Nxh6+ Bxh6 26. Qxh6 Nxd5 27. Rxg6+
fxg6 28. Qxg6+ Kf8 29. Qf5+ 1/2-1/2

[Event "7MCR_4D_1L_1S"]
[Site "?"]
[Date "2006.??.??"]
[Round "?"]
[White "Mezera, Lukas"]
[Black "Lounek, Jan"]
[Result "1/2-1/2"]
[WhiteElo "2284"]
[BlackElo "2422"]
[PlyCount "61"]
[EventDate "2006.??.??"]
[EventType "corr"]

1. e4 c5 2. d4 cxd4 3. c3 Nf6 4. e5 Nd5 5. cxd4 d6 6. Nf3 Nc6 7. Bc4 Nb6 8. Bb5
Bd7 9. Nc3 dxe5 10. dxe5 g6 11. O-O Bg7 12. Bf4 O-O 13. Qe2 a6 14. Bxc6 Bxc6
15. Rfd1 Nd5 16. Nxd5 Bxd5 17. Rac1 Qa5 18. a3 Rfd8 19. h4 Qb6 20. Nd4 Ba2 21.
Nf3 Bb3 22. Rxd8+ Rxd8 23. Be3 Qa5 24. Bg5 Bf8 25. Qe3 Rd1+ 26. Rxd1 Bxd1 27.
e6 f6 28. Bxf6 exf6 29. e7 Bxe7 30. Qxe7 Bxf3 31. Qe8+ 1/2-1/2

[Event "7MCR_4D_1L_1S"]
[Site "?"]
[Date "2006.??.??"]
[Round "?"]
[White "Mezera, Lukas"]
[Black "Mateka, Petr"]
[Result "0-1"]
[WhiteElo "2284"]
[BlackElo "2202"]
[PlyCount "80"]
[EventDate "2006.??.??"]
[EventType "corr"]

1. e4 e5 2. Nf3 Nc6 3. Bb5 a6 4. Ba4 Nf6 5. O-O Be7 6. Re1 b5 7. Bb3 O-O 8. c3
d6 9. h3 Na5 10. Bc2 c5 11. d4 Qc7 12. Nbd2 Nc6 13. d5 Na5 14. Nf1 Nc4 15. g4
h5 16. gxh5 Bxh3 17. N3h2 Bd7 18. b3 Nb6 19. Ng3 c4 20. h6 Kh7 21. Qd2 g6 22.
Kg2 Nh5 23. Nxh5 gxh5 24. Kh1 Rg8 25. Qe3 Bg5 26. Qf3 Bxc1 27. Raxc1 Bg4 28.
Qe3 Rg6 29. Rg1 Rag8 30. b4 Qd8 31. Ra1 Nd7 32. Rg3 Nf6 33. f4 h4 34. Rgg1 Nh5
35. Nxg4 Rxg4 36. Rxg4 Rxg4 37. fxe5 Rg3 38. Qf2 dxe5 39. Qf5+ Kxh6 40. Bd1 Rg5
0-1

[Event "7MCR_4D_1L_1S"]
[Site "?"]
[Date "2006.??.??"]
[Round "?"]
[White "Mezera, Lukas"]
[Black "Pytlik, Lesek"]
[Result "0-1"]
[WhiteElo "2284"]
[BlackElo "2387"]
[PlyCount "68"]
[EventDate "2006.??.??"]
[EventType "corr"]

1. e4 e6 2. d4 d5 3. e5 c5 4. Nc3 Nc6 5. Nf3 cxd4 6. Nb5 Bc5 7. a3 a6 8. b4
axb5 9. bxc5 Nge7 10. Rb1 Qa5+ 11. Bd2 Qxa3 12. Bxb5 O-O 13. O-O Qxc5 14. Bd3
Ng6 15. Re1 Qe7 16. Bg5 Qc7 17. Bxg6 fxg6 18. Nxd4 Nxd4 19. Qxd4 Qxc2 20. Be7
Rf7 21. Rec1 Qf5 22. Bd6 Qf4 23. Qc5 h6 24. Qc2 Bd7 25. g3 Qf3 26. Rb3 Qh5 27.
Rxb7 d4 28. Rf1 Qf3 29. Rb3 Qd5 30. Qd3 Ra5 31. Rb2 Rf3 32. Qxg6 Ra8 33. Rc2
Rc3 34. Rxc3 dxc3 0-1

[Event "7MCR_4D_1L_1S"]
[Site "?"]
[Date "2006.??.??"]
[Round "?"]
[White "Mezera, Lukas"]
[Black "Tomecek, Jan"]
[Result "1/2-1/2"]
[WhiteElo "2284"]
[BlackElo "2310"]
[PlyCount "34"]
[EventDate "2006.??.??"]
[EventType "corr"]

1. e4 c5 2. d4 cxd4 3. c3 Nf6 4. e5 Nd5 5. cxd4 d6 6. Nf3 Nc6 7. Bc4 Nb6 8. Bb5
dxe5 9. Nxe5 Bd7 10. Bxc6 Bxc6 11. Nxc6 bxc6 12. O-O e6 13. Nc3 Be7 14. Qg4 O-O
15. Bh6 Bf6 16. Rfd1 Nd5 17. Ne4 Kh8 1/2-1/2

[Event "7MCR_4D_1L_1S"]
[Site "?"]
[Date "2006.??.??"]
[Round "?"]
[White "Mezera, Lukas"]
[Black "Trs, Jan"]
[Result "1-0"]
[WhiteElo "2284"]
[BlackElo "2252"]
[PlyCount "113"]
[EventDate "2006.??.??"]
[EventType "corr"]

1. e4 c6 2. d4 d5 3. exd5 cxd5 4. c3 Nc6 5. Nf3 Bg4 6. Qb3 Bxf3 7. Qxb7 Qc8 8.
Qxc8+ Rxc8 9. gxf3 Nxd4 10. Kd1 Nc6 11. Be3 Rb8 12. b4 Rb7 13. Ba6 Rc7 14. Na3
Nb8 15. Bb5+ Kd8 16. Be2 Rb7 17. Kc2 e6 18. Nb5 Nc6 19. a4 Nh6 20. Bd3 g6 21.
Rhg1 Bg7 22. a5 Rd7 23. Bc5 Bf8 24. Nxa7 Nxa7 25. Bd4 Rg8 26. b5 Kc8 27. a6 Kb8
28. b6 Bg7 29. Be3 Rc8 30. Rgb1 Rxc3+ 31. Kd2 Rc8 32. bxa7+ Ka8 33. Rb8+ Rxb8
34. axb8=Q+ Kxb8 35. Rb1+ Ka8 36. Bb5 Rd6 37. Rc1 d4 38. Bf4 e5 39. Rc8+ Ka7
40. Rc7+ Ka8 41. Bg5 Ng8 42. Rxf7 Bf6 43. f4 e4 44. Rf8+ Ka7 45. Rxg8 Rb6 46.
Bxf6 Rxb5 47. Bxd4+ Kxa6 48. Ra8+ Kb7 49. Ra7+ Kc6 50. Rxh7 Kd5 51. Rd7+ Ke6
52. Rg7 Kf5 53. Rf7+ Kg4 54. Ke3 Rh5 55. Kxe4 Rh6 56. Rg7 Kh3 57. Be5 1-0

[Event "7MCR_4D_1L_1S"]
[Site "?"]
[Date "2006.??.??"]
[Round "?"]
[White "Necesany, Zdenek"]
[Black "Hala, Martin"]
[Result "1/2-1/2"]
[WhiteElo "2190"]
[BlackElo "2368"]
[PlyCount "84"]
[EventDate "2006.??.??"]
[EventType "corr"]

1. e4 e5 2. Nf3 Nc6 3. Bb5 f5 4. Nc3 fxe4 5. Nxe4 d5 6. Nxe5 dxe4 7. Nxc6 Qg5
8. Qe2 Nf6 9. f4 Qxf4 10. Ne5+ c6 11. d4 Qh4+ 12. g3 Qh3 13. Bc4 Be6 14. Bg5
O-O-O 15. O-O-O Bd6 16. Bxe6+ Qxe6 17. Qc4 Rhe8 18. Qxe6+ Rxe6 19. Nc4 Be7 20.
Bxf6 Bxf6 21. c3 e3 22. Rde1 e2 23. h4 b5 24. Na5 Rde8 25. Kd2 Bd8 26. Nb3 Re3
27. Rhg1 Bc7 28. Nc1 Bxg3 29. Rxe2 Bf4 30. Kd1 Rxe2 31. Nxe2 Bh6 32. Rf1 Kd7
33. b3 Re7 34. h5 Ke8 35. Ng3 Rf7 36. Rxf7 Kxf7 37. Ne4 Bf4 38. Ke2 Ke6 39.
Nc5+ Kf5 40. Na6 Bd6 41. Kd3 g6 42. hxg6 hxg6 1/2-1/2

[Event "7MCR_4D_1L_1S"]
[Site "?"]
[Date "2006.??.??"]
[Round "?"]
[White "Necesany, Zdenek"]
[Black "Hybl, Vladislav"]
[Result "1/2-1/2"]
[WhiteElo "2190"]
[BlackElo "2303"]
[PlyCount "42"]
[EventDate "2006.??.??"]
[EventType "corr"]

1. e4 e6 2. d4 d5 3. Nd2 c5 4. exd5 Qxd5 5. Ngf3 cxd4 6. Bc4 Qd6 7. O-O Nf6 8.
Nb3 Nc6 9. Nbxd4 Nxd4 10. Nxd4 a6 11. Re1 Qc7 12. Qe2 Bc5 13. c3 h6 14. Nf3 b5
15. Bb3 Bb7 16. Be3 Bxe3 17. Qxe3 Ng4 18. Qe2 O-O 19. Ne5 Nxe5 20. Qxe5 Qxe5
21. Rxe5 Rfd8 1/2-1/2

[Event "7MCR_4D_1L_1S"]
[Site "?"]
[Date "2006.??.??"]
[Round "?"]
[White "Necesany, Zdenek"]
[Black "Lounek, Jan"]
[Result "0-1"]
[WhiteElo "2190"]
[BlackElo "2422"]
[PlyCount "116"]
[EventDate "2006.??.??"]
[EventType "corr"]

1. e4 e6 2. d4 d5 3. Nd2 Nf6 4. e5 Nfd7 5. Bd3 c5 6. c3 Nc6 7. Ne2 cxd4 8. cxd4
f6 9. exf6 Nxf6 10. O-O Bd6 11. Nf3 O-O 12. Bg5 Bd7 13. Re1 Qb6 14. Nc3 Kh8 15.
Na4 Qc7 16. Rc1 Ng4 17. g3 Be8 18. Be2 Bh5 19. Nc5 Qf7 20. Rf1 Nf6 21. Ne5 Bxe5
22. dxe5 Bxe2 23. Qxe2 Nd7 24. Nxd7 Qxd7 25. f4 Qf7 26. g4 Rac8 27. Rcd1 Qc7
28. h3 Qb6+ 29. Kh1 Qa5 30. a3 d4 31. Qe4 Qb5 32. b4 a5 33. bxa5 Qxa5 34. Rf3
Qc5 35. Rb1 Rf7 36. Bh4 Rcf8 37. Be1 Rd7 38. Rfb3 g5 39. Bd2 Rff7 40. Rc1 Qd5
41. Qxd5 Rxd5 42. f5 exf5 43. Bxg5 Rxe5 44. Rf1 Kg7 45. Rbf3 Kg6 46. h4 h5 47.
gxh5+ Kxh5 48. a4 Ne7 49. Bxe7 Rfxe7 50. Kg2 Rf7 51. Kh3 b6 52. Rg1 f4 53. Rg8
Rd5 54. Rb3 b5 55. axb5 f3 56. Rh8+ Kg6 57. Rg8+ Kh6 58. Rb1 f2 0-1

[Event "7MCR_4D_1L_1S"]
[Site "?"]
[Date "2006.??.??"]
[Round "?"]
[White "Necesany, Zdenek"]
[Black "Mezera, Lukas"]
[Result "1-0"]
[WhiteElo "2190"]
[BlackElo "2284"]
[PlyCount "88"]
[EventDate "2006.??.??"]
[EventType "corr"]

1. d4 Nf6 2. c4 c5 3. d5 b5 4. Nd2 bxc4 5. e4 c3 6. bxc3 g6 7. Nc4 d6 8. Bd3
Bg7 9. Ne2 O-O 10. O-O Ba6 11. f3 Nbd7 12. Rb1 Nb6 13. Ne3 Qc8 14. c4 Rb8 15.
Bb2 Qd7 16. f4 Ng4 17. Nxg4 Bxb2 18. Nh6+ Kg7 19. Rxb2 Kxh6 20. f5 Kg7 21. Rc2
Qc7 22. Qa1+ Kg8 23. Qc1 Nd7 24. Qh6 Ne5 25. Nf4 Ng4 26. Qg5 Ne5 27. Be2 Kh8
28. Rc3 Rg8 29. Qh6 gxf5 30. Rh3 Rg7 31. exf5 Rbg8 32. Nh5 f6 33. Nxg7 Rxg7 34.
Rg3 Rxg3 35. hxg3 Kg8 36. Qc1 Qa5 37. Qc2 Kg7 38. Rb1 Qa3 39. Qb3 Qa5 40. Qc2
Qa3 41. Rb3 Qa4 42. Rc3 Qxc2 43. Rxc2 h5 44. Rc3 Kh6 1-0

[Event "7MCR_4D_1L_1S"]
[Site "?"]
[Date "2006.??.??"]
[Round "?"]
[White "Necesany, Zdenek"]
[Black "Pytlik, Lesek"]
[Result "0-1"]
[WhiteElo "2190"]
[BlackElo "2387"]
[PlyCount "82"]
[EventDate "2006.??.??"]
[EventType "corr"]

1. e4 g6 2. d4 Bg7 3. Nc3 d6 4. Be3 Nf6 5. Qd2 c6 6. Nf3 O-O 7. h3 Nbd7 8. Bd3
e5 9. dxe5 Nxe5 10. Be2 b5 11. Nxe5 dxe5 12. Bd3 Be6 13. O-O Nh5 14. Ne2 Nf4
15. Rfd1 Qe7 16. a4 Nxd3 17. cxd3 Rfd8 18. Qc3 f5 19. Bc5 Qf7 20. axb5 cxb5 21.
exf5 gxf5 22. b4 f4 23. d4 Bc4 24. Rd2 Re8 25. dxe5 Rxe5 26. Nd4 a5 27. Qa3 a4
28. Nf3 Rd5 29. Bd4 Bxd4 30. Rxd4 Rxd4 31. Nxd4 Rd8 32. Rd1 Qh5 33. Qc1 a3 34.
Kh2 a2 35. Qxf4 Rf8 36. Qg3+ Qg6 37. Qh4 Qd6+ 38. Kg1 Qf4 39. Qh5 Qxf2+ 40. Kh2
Qf4+ 41. Kh1 Qxd4 0-1

[Event "7MCR_4D_1L_1S"]
[Site "?"]
[Date "2006.??.??"]
[Round "?"]
[White "Necesany, Zdenek"]
[Black "Tomecek, Jan"]
[Result "0-1"]
[WhiteElo "2190"]
[BlackElo "2310"]
[PlyCount "84"]
[EventDate "2006.??.??"]
[EventType "corr"]

1. d4 Nf6 2. c4 e6 3. Nc3 Bb4 4. e3 O-O 5. Nge2 d5 6. a3 Be7 7. cxd5 exd5 8.
Nf4 c6 9. Bd3 Re8 10. O-O Nbd7 11. Qc2 Nf8 12. b4 a6 13. Bd2 Bd6 14. Rfe1 Ne6
15. Nxe6 Bxe6 16. f4 g6 17. f5 gxf5 18. Bxf5 Nh5 19. Re2 Kh8 20. Be1 Qg5 21.
Rf2 Qxe3 22. Qd3 Bf4 23. Bxh7 Qxd3 24. Bxd3 Be3 25. Nd1 Bxf2+ 26. Nxf2 Nf4 27.
Bd2 Nxd3 28. Nxd3 Bf5 29. Ne5 f6 30. Nf7+ Kh7 31. Rf1 Re2 32. Rf2 Rxf2 33. Kxf2
b6 34. Nd6 Bc2 35. Bf4 a5 36. b5 cxb5 37. Nxb5 Rc8 38. Bd2 Rc4 39. Ke3 Ba4 40.
Nc3 Bc6 41. h4 b5 42. g4 b4 0-1